000 00310nam a22001337a 4500
008 170619b xxu||||| |||| 00| 0 eng d
020 _a9780673398390
041 _aeng
080 _24TH
_a32
100 _a20
101 _aSHP
245 _aCONTEMPORARY POLITICAL IDEOLOGIES
_cMACRIDIS,R.C
942 _2udc
_cBK
999 _c18066
_d18066